| Tag |
First Indicator |
Second Indicator |
Subfields |
| LEADER |
00000cam a2200000 4500 |
| 001 |
in00000453099 |
| 005 |
20151012085636.0 |
| 008 |
751105s1933 okuabf 00010 eng |
| 010 |
|
|
|a 33015648
|
| 035 |
|
|
|a (OCoLC)01807309
|
| 035 |
|
|
|9 ABY3284AM
|
| 040 |
|
|
|a DLC
|c AKR
|d TXA
|d UtOrBLW
|
| 049 |
|
|
|a TXAM
|c [52463]
|
| 050 |
|
0 |
|a QE89
|b .R4
|
| 082 |
0 |
|
|a 557.9
|
| 092 |
|
|
|a 557
|b C155r
|
| 100 |
1 |
|
|a Reed, Ralph Daniel.
|
| 245 |
1 |
0 |
|a Geology of California /
|c by Ralph D. Reed.
|
| 264 |
|
1 |
|a Tulsa, Okla. :
|b American Association of Petroleum Geologists;
|a London :
|b T. Murby & co.,
|c 1933.
|
| 300 |
|
|
|a xxiv, 355 pages :
|b frontispiece (map) illustrations (maps) plates, diagrams ;
|c 23 1/2 cm.
|
| 336 |
|
|
|a text
|b txt
|2 rdacontent
|
| 337 |
|
|
|a unmediated
|b n
|2 rdamedia
|
| 338 |
|
|
|a volume
|b nc
|2 rdacarrier
|
| 500 |
|
|
|a "Published with the revolving publication fund which was established by the New York committee for the mid-year meeting of the association, November, 1926."
|
| 650 |
|
0 |
|a Geology
|z California.
|
| 710 |
2 |
|
|a American Association of Petroleum Geologists.
|
| 999 |
|
|
|a MARS
|
| 999 |
f |
f |
|s 9045d3d1-4d6b-3415-ab63-f7613ce31449
|i f139db89-2eeb-3071-9040-b0a1776e3519
|t 0
|
| 952 |
f |
f |
|p ric
|a Texas A&M University
|b Rellis Campus
|c Joint Library Facility
|d Remote Storage
|t 0
|e QE89 .R4
|h Library of Congress classification
|i unmediated -- volume
|m A14800961106
|
| 998 |
f |
f |
|a QE89 .R4
|t 0
|l Remote Storage
|